<?xml version="1.0" encoding="UTF-8"?><?xml-stylesheet type="text/xsl" href="static/style.xsl"?><OAI-PMH xmlns="http://www.openarchives.org/OAI/2.0/" xmlns:xsi="http://www.w3.org/2001/XMLSchema-instance" xsi:schemaLocation="http://www.openarchives.org/OAI/2.0/ http://www.openarchives.org/OAI/2.0/OAI-PMH.xsd"><responseDate>2026-04-27T20:05:14Z</responseDate><request verb="GetRecord" identifier="oai:riubu.ubu.es:10259/11200" metadataPrefix="marc">https://riubu.ubu.es/oai/request</request><GetRecord><record><header><identifier>oai:riubu.ubu.es:10259/11200</identifier><datestamp>2026-01-14T01:05:38Z</datestamp><setSpec>com_10259_5238</setSpec><setSpec>com_10259_5086</setSpec><setSpec>com_10259_2604</setSpec><setSpec>col_10259_6212</setSpec></header><metadata><record xmlns="http://www.loc.gov/MARC21/slim" xmlns:doc="http://www.lyncode.com/xoai" xmlns:xsi="http://www.w3.org/2001/XMLSchema-instance" xmlns:dcterms="http://purl.org/dc/terms/" xsi:schemaLocation="http://www.loc.gov/MARC21/slim http://www.loc.gov/standards/marcxml/schema/MARC21slim.xsd">
<leader>00925njm 22002777a 4500</leader>
<datafield tag="042" ind1=" " ind2=" ">
<subfield code="a">dc</subfield>
</datafield>
<datafield tag="720" ind1=" " ind2=" ">
<subfield code="a">Antonini Morales, Carla</subfield>
<subfield code="e">author</subfield>
</datafield>
<datafield tag="720" ind1=" " ind2=" ">
<subfield code="a">Beck, Cornelia</subfield>
<subfield code="e">author</subfield>
</datafield>
<datafield tag="720" ind1=" " ind2=" ">
<subfield code="a">Larrinaga González, Carlos</subfield>
<subfield code="e">author</subfield>
</datafield>
<datafield tag="260" ind1=" " ind2=" ">
<subfield code="c">2020-10</subfield>
</datafield>
<datafield tag="520" ind1=" " ind2=" ">
<subfield code="a">Purpose:&#xd;
This paper explores the subpolitical role and main characteristics of a specific accounting technique, sustainability reporting boundaries. Its focus is on how the sett2ing of sustainability reporting boundaries affects the definition and distribution of social risks along the supply chain, particularly the risks related to working condition and human rights.&#xd;
&#xd;
Design/methodology/approach:&#xd;
The paper draws on Beck's (1986) exploration of the ways in which techno-economic spheres offer opportunities for the politicisation of new areas. It is argued that the sphere of sustainability reporting offers that opportunity for the politicisation of supply chains. Using the case of Inditex, the historical context of initiatives relating to the ready-made garment (RMG) industry at global, European and industry level as well as media coverage on the entity are analysed; this is correlated with the analysis of boundary setting in relation to sustainability reports, focusing specifically on working conditions.&#xd;
&#xd;
Findings:&#xd;
The analysis suggests that accounting technologies that set contested boundaries are subpolitical, that is, defined outside traditional political processes. The paper finds that the way social risks are framed along the supply chain renders them invisible and impersonal and that the framing of these risks becomes endless as they are contested by different groups of experts. Setting sustainability reporting boundaries has subpolitical properties in producing and framing those risks, whilst is simultaneously limited by the inherent politicisation of such an exercise. The questionable legitimacy of sustainability reporting boundaries calls for the construction not only of discursive justifications but also of new possibilities for political participation.&#xd;
&#xd;
Research limitations/implications:&#xd;
The analysis is limited to working conditions along one organisation's supply chain.&#xd;
&#xd;
Originality/value:&#xd;
The contribution of this paper is threefold: (1) It studies in-depth how working conditions in global supply chains are portrayed in sustainability reports. (2) It answers the call to study accounting technologies themselves, in this case sustainability reporting boundaries. (3) It extends Beck's work on global ecological dangers to working conditions in global supply chains to explore how sustainability reporting boundaries are subpolitically involved in the definition and distribution of social risks along the supply chain.</subfield>
</datafield>
<datafield tag="024" ind2=" " ind1="8">
<subfield code="a">0951-3574</subfield>
</datafield>
<datafield tag="024" ind2=" " ind1="8">
<subfield code="a">https://hdl.handle.net/10259/11200</subfield>
</datafield>
<datafield tag="024" ind2=" " ind1="8">
<subfield code="a">10.1108/AAAJ-09-2019-4167</subfield>
</datafield>
<datafield ind1=" " ind2=" " tag="653">
<subfield code="a">Global supply chains</subfield>
</datafield>
<datafield ind1=" " ind2=" " tag="653">
<subfield code="a">Inditex</subfield>
</datafield>
<datafield ind1=" " ind2=" " tag="653">
<subfield code="a">Sustainability reporting boundaries</subfield>
</datafield>
<datafield ind1=" " ind2=" " tag="653">
<subfield code="a">Subpolitics</subfield>
</datafield>
<datafield ind1=" " ind2=" " tag="653">
<subfield code="a">Working conditions</subfield>
</datafield>
<datafield ind1=" " ind2=" " tag="653">
<subfield code="a">Ready-made garment industry</subfield>
</datafield>
<datafield tag="245" ind1="0" ind2="0">
<subfield code="a">Subpolitics and sustainability reporting boundaries. The case of working conditions in global supply chains</subfield>
</datafield>
</record></metadata></record></GetRecord></OAI-PMH>